|
|
|
|
| LEADER |
00000nam0a2200000 4500 |
| 001 |
36084 |
| 005 |
20231031001016.0 |
| 035 |
|
|
|a (RuTPU)RU\TPU\book\36547
|
| 035 |
|
|
|a BOOK00003199
|
| 090 |
|
|
|a 36084
|
| 100 |
|
|
|a 20011210d1976 m y0rusy50 ca
|
| 101 |
0 |
|
|a rus
|
| 102 |
|
|
|a RU
|
| 105 |
|
|
|a a j 000zy
|
| 200 |
1 |
|
|a Технический анализ и контроль производства синтетических каучуков
|e учебное пособие
|f Н. А. Исакова, В. С. Фихтенгольц, Г. А. Белова, Е. Д. Панкратова
|
| 205 |
|
|
|a 2-е изд., перераб. и доп.
|
| 210 |
|
|
|a Ленинград
|c Химия
|d 1976
|
| 215 |
|
|
|a 167 с.
|c ил.
|
| 610 |
1 |
|
|a химия
|
| 610 |
1 |
|
|a синтетический каучук
|
| 610 |
1 |
|
|a производство
|
| 610 |
1 |
|
|a контроль
|
| 610 |
1 |
|
|a мономеры
|
| 610 |
1 |
|
|a растворители
|
| 610 |
1 |
|
|a полимеризация
|
| 610 |
1 |
|
|a учебные пособия
|
| 675 |
|
|
|a 678.7:658.562.012.7(075.8)
|v 3
|
| 701 |
|
1 |
|a Исакова
|b Н. А.
|g Нина Алексеевна
|
| 701 |
|
1 |
|a Фихтенгольц
|b В. С.
|g Вадим Семенович
|
| 701 |
|
1 |
|a Белова
|b Г. А.
|g Галина Александровна
|
| 701 |
|
1 |
|a Панкратова
|b Е. Д.
|g Елена Дмитриевна
|
| 801 |
|
0 |
|a RU
|b 63413507
|c 20011210
|g PSBO
|
| 801 |
|
2 |
|a RU
|b 63413507
|c 20201029
|g PSBO
|
| 900 |
|
|
|a Химия и технология пластических масс
|
| 900 |
|
|
|a Технология пластических масс
|
| 900 |
|
|
|a Химическая технология полимеров
|
| 942 |
|
|
|c BK
|